[Event "32 Indiv. Champ. Greece - Wome"]
[Site "?"]
[Date "2009.??.??"]
[Round "1.1"]
[White "Terzidaki, Alexandra"]
[Black "Pavlidou, Ekaterini"]
[Result "0-1"]
[WhiteElo "1820"]
[BlackElo "2150"]
[PlyCount "54"]
[EventDate "2009.01.02"]

1. e4 c5 2. Nf3 e6 3. d4 cxd4 4. Nxd4 Nf6 5. Nc3 Nc6 6. Be3 Bb4 7. f3 d5 8. Bb5
Qc7 9. O-O O-O 10. exd5 exd5 11. Qd2 Re8 12. Kh1 Bd7 13. Rad1 a6 14. Ba4 Ne5
15. Bxd7 Qxd7 16. Bg5 Nc4 17. Qc1 Be7 18. Nb3 Qc6 19. Rd4 Rad8 20. Rfd1 h6 21.
Bh4 b5 22. a3 a5 23. R1d3 a4 24. Nd2 Ne5 25. Re3 Bc5 26. Rxe5 Rxe5 27. Bxf6
Qxf6 0-1

[Event "32 Indiv. Champ. Greece - Wome"]
[Site "?"]
[Date "2009.??.??"]
[Round "1.2"]
[White "Ikonomopoulou, Maria"]
[Black "Andrikopoulou, Efstathia"]
[Result "1-0"]
[WhiteElo "2052"]
[BlackElo "1651"]
[PlyCount "79"]
[EventDate "2009.01.02"]

1. e4 c5 2. Nf3 e6 3. d4 cxd4 4. Nxd4 Nf6 5. Nc3 d6 6. g4 h6 7. h3 Nc6 8. Be3
a6 9. f4 d5 10. e5 Nd7 11. Qd2 Bb4 12. a3 Be7 13. O-O-O Nxd4 14. Qxd4 Bc5 15.
Qd2 Be7 16. Bg2 Nb6 17. Qf2 Nc4 18. Bc5 Bh4 19. Qe2 Qc7 20. Bd4 Rb8 21. f5 b5
22. fxe6 fxe6 23. Rhf1 b4 24. Nxd5 exd5 25. Bxd5 Bg5+ 26. Kb1 Nd2+ 27. Rxd2
Bxd2 28. Qxd2 bxa3 29. Qd3 Qe7 30. Qg6+ Kd8 31. Bb6+ Rxb6 32. Qxb6+ Qc7 33. Qd4
axb2 34. Bc4+ Ke8 35. Bf7+ Qxf7 36. Rxf7 Kxf7 37. Kxb2 Be6 38. Qa7+ Kg6 39.
Qxa6 Re8 40. c4 1-0

[Event "32 Indiv. Champ. Greece - Wome"]
[Site "?"]
[Date "2009.??.??"]
[Round "1.3"]
[White "Papathanasiou, Elisavet"]
[Black "Manelidou, Maria"]
[Result "1-0"]
[WhiteElo "1584"]
[BlackElo "2035"]
[PlyCount "58"]
[EventDate "2009.01.02"]

1. d4 e6 2. c4 Nf6 3. Nf3 Bb4+ 4. Bd2 Qe7 5. g3 O-O 6. Bg2 Bxd2+ 7. Nbxd2 d6 8.
O-O e5 9. dxe5 dxe5 10. Ng5 Nc6 11. e3 h6 12. Nge4 Nxe4 13. Nxe4 Be6 14. Qa4
Rad8 15. Qb5 Rb8 16. Nc5 a6 17. Nxa6 bxa6 18. Qxc6 Rxb2 19. Rfb1 Rc2 20. Rb7
Qf6 21. Rf1 Rxc4 22. Qxa6 Rd8 23. a4 Qe7 24. Qb5 Rc5 25. Qb4 Qf8 26. a5 f6 27.
a6 e4 28. a7 Bd5 29. Rb8 Kf7 1-0

[Event "32 Indiv. Champ. Greece - Wome"]
[Site "?"]
[Date "2009.??.??"]
[Round "1.4"]
[White "Paganoglou, Anastasia"]
[Black "Malikentzou, Nafsika"]
[Result "1-0"]
[WhiteElo "1934"]
[BlackElo "1570"]
[PlyCount "53"]
[EventDate "2009.01.02"]

1. e4 g6 2. d4 Bg7 3. Nc3 d6 4. Be3 a6 5. Qd2 b5 6. O-O-O Bb7 7. f3 Nd7 8. g4
c5 9. dxc5 Nxc5 10. Bd4 Bxd4 11. Qxd4 Nf6 12. g5 Ne6 13. Qe3 Nd7 14. h4 Qb6 15.
Qd2 Qc5 16. Bh3 Nef8 17. Nge2 Ne5 18. Nd4 Bc8 19. Bg2 Ne6 20. Nb3 Qc7 21. Nd5
Qd8 22. f4 Nc4 23. Qc3 Rf8 24. e5 Bb7 25. Nf6+ exf6 26. Bxb7 Ra7 27. Bc6+ 1-0

[Event "32 Indiv. Champ. Greece - Wome"]
[Site "?"]
[Date "2009.??.??"]
[Round "1.6"]
[White "Aggeli, Eleni"]
[Black "Salahidou, Galini"]
[Result "1/2-1/2"]
[WhiteElo "1875"]
[BlackElo "1472"]
[PlyCount "134"]
[EventDate "2009.01.02"]

1. e4 e5 2. Nf3 Nc6 3. Bb5 Nf6 4. O-O Bd6 5. Re1 O-O 6. c3 a6 7. Ba4 b5 8. Bc2
Re8 9. d4 exd4 10. cxd4 Bb4 11. Nc3 d6 12. h3 h6 13. a3 Ba5 14. b4 Bb6 15. Bb2
Bb7 16. Qd3 Ne7 17. Rad1 Ng6 18. Qd2 Nd7 19. Bb3 Re7 20. Qc2 Qc8 21. Nd5 Bxd5
22. Bxd5 c6 23. Qxc6 Qxc6 24. Bxc6 Rd8 25. Rc1 Rde8 26. Bxd7 Rxd7 27. Rc6 Rb8
28. Rec1 Ne7 29. R6c2 d5 30. e5 Rdd8 31. Kf1 Rbc8 32. Ke2 Rxc2+ 33. Rxc2 Rc8
34. Rxc8+ Nxc8 35. Nd2 Kf8 36. Nb3 Ke8 37. Kd3 Kd8 38. Nc5 Bxc5 39. dxc5 Ne7
40. f4 Kd7 41. g4 g6 42. Kd4 Ke6 43. Ke3 Kd7 44. Bc1 Nc6 45. Bb2 Ke6 46. Bd4
Ne7 47. Kd3 Nc6 48. Bf2 f6 49. exf6 Kxf6 50. Bd4+ Kf7 51. Be5 Kf8 52. h4 Kf7
53. Ke3 h5 54. gxh5 gxh5 55. Bd6 Ke6 56. Bf8 Kf5 57. Bh6 Kg6 58. Bg5 Kf5 59.
Kd3 Ke6 60. Kc3 Kf5 61. Kd3 Ke6 62. Bh6 Kf7 63. Ke3 Kg6 64. Bf8 Kf6 65. Kf3 Kf5
66. Bd6 Ke6 67. Be5 Kf5 1/2-1/2

[Event "32 Indiv. Ch. Greece-Women U20"]
[Site "?"]
[Date "2009.01.03"]
[Round "2.1"]
[White "Pavlidou, Ekaterini"]
[Black "Paganoglou, Anastasia"]
[Result "1-0"]
[WhiteElo "2150"]
[BlackElo "1934"]
[PlyCount "91"]
[EventDate "2009.01.02"]

1. d4 Nf6 2. c4 e6 3. Nc3 Bb4 4. Qc2 O-O 5. a3 Bxc3+ 6. Qxc3 Ne4 7. Qc2 f5 8.
Nh3 d6 9. f3 Nf6 10. Nf2 e5 11. d5 Qe7 12. e3 Nbd7 13. b4 e4 14. f4 c5 15. dxc6
bxc6 16. Bb2 a5 17. Be2 Nb6 18. O-O Be6 19. Rfc1 Qf7 20. Bd4 Nfd7 21. Rab1 axb4
22. axb4 Rfc8 23. Kh1 c5 24. bxc5 dxc5 25. Ba1 Ra4 26. g4 Bxc4 27. gxf5 Bxe2
28. Qxe2 Nd5 29. Rg1 N7f6 30. Ng4 Nxg4 31. Qxg4 Nxe3 32. Qxg7+ Qxg7 33. Rxg7+
Kf8 34. Rxh7 Rca8 35. Rh8+ Ke7 36. f6+ Ke6 37. Rb6+ Kd5 38. Rxa8 Rxa8 39. Bc3
Kc4 40. Be5 Nd5 41. Rb7 e3 42. Kg1 Kd3 43. f7 Nc3 44. Rd7+ Kc4 45. Bxc3 Kxc3
46. Kf1 1-0

[Event "32 Indiv. Ch. Greece-Women U20"]
[Site "?"]
[Date "2009.01.03"]
[Round "2.3"]
[White "Papathanasiou, Ageliki"]
[Black "Papathanasiou, Elisavet"]
[Result "1-0"]
[WhiteElo "1923"]
[BlackElo "1584"]
[PlyCount "57"]
[EventDate "2009.01.02"]

1. d4 d5 2. c4 c6 3. Nf3 Nf6 4. Nc3 e6 5. e3 Nbd7 6. Bd3 dxc4 7. Bxc4 b5 8. Bd3
a6 9. e4 c5 10. d5 exd5 11. e5 Ng4 12. Bg5 Qa5 13. O-O d4 14. Nd5 Bb7 15. e6
fxe6 16. Nf4 e5 17. Ng6 Rg8 18. Re1 Bd6 19. Nxd4 Ngf6 20. Nf3 Bc7 21. Nfxe5
Nxe5 22. f4 O-O-O 23. fxe5 c4 24. exf6 Qb6+ 25. Kh1 Rxd3 26. f7 Bxg2+ 27. Kxg2
Qc6+ 28. Kf2 Bb6+ 29. Be3 1-0

[Event "32 Indiv. Ch. Greece-Women U20"]
[Site "?"]
[Date "2009.01.03"]
[Round "2.4"]
[White "Salahidou, Galini"]
[Black "Sotiriadou, Ioanna"]
[Result "1/2-1/2"]
[WhiteElo "1472"]
[BlackElo "1518"]
[PlyCount "41"]
[EventDate "2009.01.02"]

1. e4 e5 2. Nf3 Nc6 3. Bc4 Bc5 4. Nc3 Nf6 5. O-O O-O 6. d3 d6 7. h3 h6 8. Be3
Bxe3 9. fxe3 Be6 10. Bxe6 fxe6 11. d4 exd4 12. exd4 e5 13. dxe5 Nxe5 14. Nxe5
dxe5 15. Qxd8 Raxd8 16. Rad1 Rxd1 17. Rxd1 c6 18. Rd2 Kf7 19. Kf2 Ke6 20. Ke3
Nd7 21. Rf2 1/2-1/2

[Event "32 Indiv. Ch. Greece-Women U20"]
[Site "?"]
[Date "2009.01.03"]
[Round "2.5"]
[White "Manelidou, Maria"]
[Black "Aggeli, Eleni"]
[Result "1/2-1/2"]
[WhiteElo "2035"]
[BlackElo "1875"]
[PlyCount "58"]
[EventDate "2009.01.02"]

1. e4 e5 2. Nf3 Nc6 3. Bc4 Bc5 4. c3 d6 5. O-O h6 6. d4 exd4 7. cxd4 Bb6 8. d5
Ne5 9. Nxe5 dxe5 10. Kh1 Nf6 11. Be2 O-O 12. Nc3 Qe7 13. Qd3 Bd4 14. Nb5 Bb6
15. b3 a6 16. Na3 Bd4 17. Rb1 Rd8 18. Nc2 Bc5 19. b4 Ba7 20. Bb2 c6 21. Ne3
Bxe3 22. Qxe3 cxd5 23. exd5 Nxd5 24. Qxe5 Qxe5 25. Bxe5 Re8 26. f4 Nxf4 27.
Rxf4 Rxe5 28. Bf3 Bf5 29. Rc1 Rae8 1/2-1/2

[Event "32 Indiv. Ch. Greece-Women U20"]
[Site "?"]
[Date "2009.01.03"]
[Round "2.6"]
[White "Malikentzou, Nafsika"]
[Black "Terzidaki, Alexandra"]
[Result "1/2-1/2"]
[WhiteElo "1570"]
[BlackElo "1820"]
[PlyCount "76"]
[EventDate "2009.01.02"]

1. g3 Nf6 2. Bg2 g6 3. b3 Bg7 4. Bb2 O-O 5. Nf3 d6 6. d4 c5 7. O-O Nc6 8. c4 a6
9. Nbd2 Rb8 10. e3 b5 11. Qc2 Qb6 12. Rfd1 Nb4 13. Qb1 Nc6 14. Ne4 Nxe4 15.
Qxe4 Bf5 16. Qf4 bxc4 17. dxc5 Qxc5 18. Bxg7 Kxg7 19. Qxc4 Qxc4 20. bxc4 Na5
21. Rdc1 Rfc8 22. Bf1 Be6 23. c5 dxc5 24. Bxa6 Rc6 25. Bd3 Kf6 26. Rc2 Rd6 27.
Rxc5 Nb3 28. axb3 Rxd3 29. Ng5 h6 30. Nxe6 Kxe6 31. Ra6+ Rd6 32. Rxd6+ Kxd6 33.
Rc3 f5 34. f4 Kd5 35. Kf2 e5 36. fxe5 Kxe5 37. Kf3 Rb6 38. h4 g5 1/2-1/2

[Event "32 Indiv. Ch. Greece-Women U20"]
[Site "?"]
[Date "2009.01.04"]
[Round "3.1"]
[White "Ikonomopoulou, Maria"]
[Black "Pavlidou, Ekaterini"]
[Result "1/2-1/2"]
[WhiteElo "2052"]
[BlackElo "2150"]
[PlyCount "109"]
[EventDate "2009.01.02"]

1. e4 c5 2. Nf3 e6 3. d4 cxd4 4. Nxd4 Nf6 5. Nc3 Nc6 6. Nxc6 bxc6 7. e5 Nd5 8.
Ne4 Qc7 9. f4 Qb6 10. c4 Bb4+ 11. Ke2 f5 12. exf6 Nxf6 13. Be3 Qa5 14. Nxf6+
gxf6 15. a3 Qh5+ 16. Kf2 Qxd1 17. Rxd1 Be7 18. Be2 h5 19. Rd2 a5 20. Rc1 c5 21.
f5 e5 22. Rcd1 d6 23. Bf3 Rb8 24. Be4 Rg8 25. Bc6+ Kf8 26. Bh6+ Rg7 27. Bxg7+
Kxg7 28. Be4 Kh6 29. Ke2 Kg5 30. Rf1 Ba6 31. Bd5 Bc8 32. Be4 Ba6 33. Rc2 Bf8
34. Rf3 h4 35. g3 h3 36. Kd2 Bh6 37. Kc1 Kg4+ 38. Kb1 Bb7 39. Bxb7 Rxb7 40. Rf1
e4 41. Re2 e3 42. Kc2 Re7 43. Kd3 Re5 44. Rc2 Rxf5 45. Rxf5 Kxf5 46. b4 cxb4
47. axb4 axb4 48. Rb2 Kg4 49. Rxb4 Kf3 50. Rb2 f5 51. Re2 Bg5 52. Ra2 f4 53.
gxf4 Bxf4 54. Rc2 Be5 55. Ra2 1/2-1/2

[Event "32 Indiv. Ch. Greece-Women U20"]
[Site "?"]
[Date "2009.01.04"]
[Round "3.4"]
[White "Sotiriadou, Ioanna"]
[Black "Andrikopoulou, Efstathia"]
[Result "1/2-1/2"]
[WhiteElo "1518"]
[BlackElo "1651"]
[PlyCount "107"]
[EventDate "2009.01.02"]

1. e4 c5 2. Nf3 e6 3. d4 cxd4 4. Nxd4 Nf6 5. Nc3 d6 6. Be2 Be7 7. O-O O-O 8.
Be3 Nc6 9. f4 Bd7 10. Qe1 Nxd4 11. Bxd4 Bc6 12. Qg3 g6 13. Bd3 Nh5 14. Qg4 Nxf4
15. Qxf4 e5 16. Bxe5 dxe5 17. Qxe5 Bd6 18. Qf6 Qxf6 19. Rxf6 Be5 20. Rff1 Bd4+
21. Kh1 Bxc3 22. bxc3 Rae8 23. Rae1 Re5 24. Kg1 Rc5 25. c4 Ra5 26. Ra1 Re8 27.
Rf4 Rae5 28. Raf1 R8e7 29. Rb1 b6 30. Kf2 Bxe4 31. Bxe4 Rxe4 32. Rxe4 Rxe4 33.
Rb4 Kg7 34. c3 f5 35. a3 Kf6 36. Kf3 Ke6 37. h3 h5 38. c5 Rxb4 39. cxb4 bxc5
40. bxc5 g5 41. h4 gxh4 42. Kf4 a5 43. c6 Kd6 44. c7 Kxc7 45. Kxf5 Kc6 46. Kg5
Kb5 47. Kxh5 Ka4 48. Kxh4 Kxa3 49. g4 Kb2 50. g5 a4 51. g6 a3 52. g7 a2 53.
g8=Q a1=Q 54. Qh8+ 1/2-1/2

[Event "32 Indiv. Ch. Greece-Women U20"]
[Site "?"]
[Date "2009.01.04"]
[Round "3.5"]
[White "Papathanasiou, Elisavet"]
[Black "Salahidou, Galini"]
[Result "1-0"]
[WhiteElo "1584"]
[BlackElo "1472"]
[PlyCount "81"]
[EventDate "2009.01.02"]

1. d4 Nf6 2. c4 d6 3. Nf3 Nbd7 4. g3 g6 5. Bg2 Bg7 6. Nc3 O-O 7. O-O c5 8. dxc5
Nxc5 9. Nd2 Qc7 10. Nb3 Rb8 11. Nd4 a6 12. b3 b6 13. Nc6 Rb7 14. Bb2 e6 15. b4
Kh8 16. Nd4 Rb8 17. bxc5 bxc5 18. Nb3 Bb7 19. Bxb7 Rxb7 20. Qd2 Rd8 21. Rfd1
Kg8 22. Rab1 d5 23. cxd5 Nxd5 24. Nxd5 Rxd5 25. Qc2 Bxb2 26. Rxb2 Rxd1+ 27.
Qxd1 c4 28. Rc2 a5 29. Nd2 Qd7 30. Qc1 Rc7 31. Nxc4 Qc8 32. Ne3 Rxc2 33. Qxc2
Qxc2 34. Nxc2 Kf8 35. Kf1 Ke7 36. Ke1 Kd6 37. Kd2 f5 38. Kc3 Kc5 39. a4 e5 40.
Ne3 Kb6 41. Nc4+ 1-0

[Event "32 Indiv. Ch. Greece-Women U20"]
[Site "?"]
[Date "2009.01.04"]
[Round "3.6"]
[White "Terzidaki, Alexandra"]
[Black "Manelidou, Maria"]
[Result "0-1"]
[WhiteElo "1820"]
[BlackElo "2035"]
[PlyCount "82"]
[EventDate "2009.01.02"]

1. e4 e5 2. Nf3 Nc6 3. d4 exd4 4. Nxd4 Bc5 5. Be3 Bb6 6. Bc4 Qf6 7. c3 Qg6 8.
O-O Ne5 9. Nd2 Ne7 10. Be2 h5 11. Nc4 Ng4 12. Bf4 d6 13. Nxb6 axb6 14. Nb5 Kd8
15. e5 d5 16. c4 Qe4 17. Qd2 Nxe5 18. cxd5 N7g6 19. Bxe5 Qxe5 20. Rfe1 Bd7 21.
Bg4 Qf6 22. Bxd7 Kxd7 23. Rac1 Rhc8 24. Qe3 Qf4 25. Qc3 Ra5 26. g3 Qf6 27. Qb4
Ne5 28. Re3 h4 29. Rec3 c5 30. dxc6+ bxc6 31. Qd4+ Ke7 32. Qxb6 Rxb5 33. Qa7+
Kf8 34. Qa6 Re8 35. Rxc6 Nf3+ 36. Kg2 h3+ 37. Kh1 Qxb2 38. Rc8 Rbe5 39. Qd6+
Kg8 40. Rxe8+ Rxe8 41. Qc6 Qe2 0-1

[Event "32 Indiv. Ch. Greece-Women U20"]
[Site "?"]
[Date "2009.01.05"]
[Round "4.1"]
[White "Papathanasiou, Ageliki"]
[Black "Ikonomopoulou, Maria"]
[Result "0-1"]
[WhiteElo "1923"]
[BlackElo "2052"]
[PlyCount "76"]
[EventDate "2009.01.02"]

1. a3 e5 2. c4 g6 3. g3 Bg7 4. Bg2 d6 5. Nc3 Nf6 6. e3 Nc6 7. Nge2 h5 8. h4 Bg4
9. d3 O-O 10. O-O Qd7 11. Qc2 Bh3 12. b4 Rae8 13. Bb2 Bxg2 14. Kxg2 Ne7 15. e4
Ng4 16. Nd5 f5 17. d4 f4 18. gxf4 Nxd5 19. exd5 exf4 20. Ng1 f3+ 21. Nxf3 Rxf3
22. Kxf3 Nh2+ 23. Kg2 Nxf1 24. Kxf1 Qh3+ 25. Kg1 Qg4+ 26. Kf1 Re4 27. Qd3 Qxh4
28. Qf3 Rf4 29. Qg2 Rg4 30. Qf3 Qg5 31. Qd3 Bh6 32. Ke2 h4 33. Re1 Qh5 34. Kf1
h3 35. Re8+ Kh7 36. Qe2 Qf5 37. Qe7+ Bg7 38. Bc1 h2 0-1

[Event "32 Indiv. Ch. Greece-Women U20"]
[Site "?"]
[Date "2009.01.05"]
[Round "4.2"]
[White "Pavlidou, Ekaterini"]
[Black "Aggeli, Eleni"]
[Result "1-0"]
[WhiteElo "2150"]
[BlackElo "1875"]
[PlyCount "121"]
[EventDate "2009.01.02"]

1. d4 Nf6 2. c4 g6 3. Nc3 d5 4. cxd5 Nxd5 5. e4 Nxc3 6. bxc3 Bg7 7. Bc4 c5 8.
Ne2 O-O 9. O-O Nc6 10. Be3 Bd7 11. Qd2 Qa5 12. Qb2 b5 13. Qxb5 Qxb5 14. Bxb5
cxd4 15. cxd4 Rfd8 16. Rad1 Rab8 17. a4 Nb4 18. Bxd7 Rxd7 19. Rb1 a5 20. Rfc1
Rdb7 21. Rc5 Ra8 22. Bf4 Rd7 23. Rc7 Rxc7 24. Bxc7 e6 25. Bxa5 Nc6 26. Bb6 Rxa4
27. e5 Bf8 28. Rc1 Ne7 29. g4 Nd5 30. Bc5 Bxc5 31. Rxc5 Kg7 32. g5 h6 33. h4 h5
34. Kg2 Ra3 35. Ng3 Nf4+ 36. Kh2 Ra4 37. Ne4 Rxd4 38. f3 Rd7 39. Rc8 Nd5 40.
Nf6 Nxf6 41. gxf6+ Kh7 42. Rf8 Rb7 43. Kg3 Ra7 44. Kf2 Rb7 45. Ke3 Rd7 46. Ke4
Ra7 47. Kd4 Rc7 48. f4 Ra7 49. Kc5 Rb7 50. Kd6 Ra7 51. Rd8 Ra4 52. Ke7 Rxf4 53.
Kxf7 Rxh4 54. Kxe6 Rf4 55. Ke7 h4 56. f7 h3 57. f8=Q Rxf8 58. Kxf8 g5 59. e6 g4
60. e7 h2 61. Rd1 1-0

[Event "32 Indiv. Ch. Greece-Women U20"]
[Site "?"]
[Date "2009.01.05"]
[Round "4.3"]
[White "Andrikopoulou, Efstathia"]
[Black "Papathanasiou, Elisavet"]
[Result "0-1"]
[WhiteElo "1651"]
[BlackElo "1584"]
[PlyCount "74"]
[EventDate "2009.01.02"]

1. e4 c5 2. Nf3 e6 3. d4 cxd4 4. Nxd4 Nf6 5. Nc3 d6 6. g4 h6 7. h4 d5 8. Bb5+
Bd7 9. exd5 Bxb5 10. Ndxb5 a6 11. Nd4 Nxd5 12. Qf3 Bb4 13. Bd2 Nxc3 14. Bxc3
Qxd4 15. O-O Bxc3 16. bxc3 Qd5 17. Qg3 Nc6 18. Rad1 Qe5 19. f4 Qc5+ 20. Kh2 Qa5
21. Rde1 Qc7 22. Kh3 O-O-O 23. Qe3 Rdg8 24. f5 exf5 25. Rxf5 h5 26. Rxh5 Rxh5
27. gxh5 Qd7+ 28. Kg3 Qd6+ 29. Kh3 Rh8 30. Qg5 Qf6 31. Qg4+ Kb8 32. Qg3+ Ka8
33. Rd1 Qf5+ 34. Qg4 Rxh5 35. Kg3 Qxg4+ 36. Kxg4 Ra5 37. Rf1 Rxa2 0-1

[Event "32 Indiv. Ch. Greece-Women U20"]
[Site "?"]
[Date "2009.01.05"]
[Round "4.4"]
[White "Malikentzou, Nafsika"]
[Black "Sotiriadou, Ioanna"]
[Result "1/2-1/2"]
[WhiteElo "1570"]
[BlackElo "1518"]
[PlyCount "77"]
[EventDate "2009.01.02"]

1. g3 Nf6 2. Bg2 d5 3. a3 e5 4. d3 Nc6 5. b4 a6 6. Bb2 Bd6 7. Nd2 O-O 8. c4
dxc4 9. Nxc4 Re8 10. Nf3 Rb8 11. Rc1 b5 12. Nxd6 Qxd6 13. O-O Bb7 14. Qc2 Re7
15. Qc5 Qxc5 16. Rxc5 Nd7 17. Rc2 f6 18. Nh4 Nd4 19. Bxd4 exd4 20. Nf5 Re5 21.
Nxd4 Bxg2 22. Kxg2 Rc8 23. Rfc1 c5 24. Nf3 Rd5 25. bxc5 Rcxc5 26. Nd2 Re5 27.
Kf1 Rcd5 28. Nf3 Re7 29. Ke1 Rxd3 30. Rc3 Nc5 31. Rxc5 Rxf3 32. R1c3 Rxc3 33.
Rxc3 Rb7 34. Kd2 Kf7 35. Kc2 Ke7 36. Kb3 a5 37. Rc6 Rd7 38. Rc2 Rb7 39. Rc6
1/2-1/2

[Event "32 Indiv. Ch. Greece-Women U20"]
[Site "?"]
[Date "2009.01.05"]
[Round "4.5"]
[White "Manelidou, Maria"]
[Black "Salahidou, Galini"]
[Result "1/2-1/2"]
[WhiteElo "2035"]
[BlackElo "1472"]
[PlyCount "49"]
[EventDate "2009.01.02"]

1. e4 e5 2. Nf3 Nc6 3. Bc4 Nf6 4. d3 Bc5 5. c3 d6 6. O-O O-O 7. Bb3 Be6 8. Bc2
Ne7 9. Bg5 Ng6 10. d4 exd4 11. cxd4 Bb6 12. Qd3 h6 13. Bd2 d5 14. Nc3 dxe4 15.
Nxe4 Nxe4 16. Qxe4 Bd5 17. Qg4 Bxf3 18. Qxf3 Bxd4 19. Rad1 Be5 20. Bc3 Qf6 21.
Qxf6 Bxf6 22. Bxf6 gxf6 23. Rd7 Rac8 24. Bxg6 fxg6 25. Rc1 1/2-1/2

[Event "32 Indiv. Ch. Greece-Women U20"]
[Site "?"]
[Date "2009.01.06"]
[Round "5.2"]
[White "Papathanasiou, Ageliki"]
[Black "Pavlidou, Ekaterini"]
[Result "0-1"]
[WhiteElo "1923"]
[BlackElo "2150"]
[PlyCount "78"]
[EventDate "2009.01.02"]

1. d4 Nf6 2. c4 e6 3. Nf3 b6 4. g3 Ba6 5. Qc2 Bb4+ 6. Bd2 Be7 7. Bg2 c6 8. O-O
d5 9. b3 Nbd7 10. Re1 Rc8 11. Ne5 Nxe5 12. dxe5 Ng4 13. Bc3 Qc7 14. h3 Nxe5 15.
f4 Nd7 16. Nd2 Bf6 17. Bxf6 Nxf6 18. e4 dxe4 19. Nxe4 Nxe4 20. Bxe4 g6 21. Qc3
O-O 22. h4 Qe7 23. Kg2 c5 24. h5 Bb7 25. h6 Bxe4+ 26. Rxe4 f6 27. Rae1 Rc6 28.
g4 Kf7 29. f5 gxf5 30. gxf5 Rg8+ 31. Kf2 e5 32. Rg1 Qd7 33. Reg4 Qxf5+ 34. Qf3
Qxf3+ 35. Kxf3 Rg6 36. Rxg6 hxg6 37. Ke4 Rd6 38. Rg2 Rd4+ 39. Ke3 Rh4 0-1

[Event "32 Indiv. Ch. Greece-Women U20"]
[Site "?"]
[Date "2009.01.06"]
[Round "5.3"]
[White "Paganoglou, Anastasia"]
[Black "Manelidou, Maria"]
[Result "1-0"]
[WhiteElo "1934"]
[BlackElo "2035"]
[PlyCount "103"]
[EventDate "2009.01.02"]

1. e4 e5 2. Nf3 Nc6 3. Bc4 Bc5 4. c3 Nf6 5. d3 Bb6 6. O-O O-O 7. h3 d6 8. Bb3
Ne7 9. Re1 Ng6 10. Nbd2 Qe7 11. Nc4 Kh8 12. a4 c6 13. Nxb6 axb6 14. Be3 Nh5 15.
d4 Nhf4 16. Kh2 Qd7 17. dxe5 Nxg2 18. e6 fxe6 19. Kxg2 Ra5 20. e5 Qf7 21. Ng5
Qf5 22. Qg4 Rxe5 23. Qxf5 Nh4+ 24. Kh1 Rexf5 25. Bc2 Rxg5 26. Bxg5 Nf3 27. Be3
Nxe1 28. Rxe1 c5 29. Rd1 d5 30. b4 Bd7 31. Kg2 Rc8 32. b5 Be8 33. Bf4 Kg8 34.
Re1 Bf7 35. Be5 h6 36. Kf3 Bh5+ 37. Ke3 Kf7 38. Rg1 Rg8 39. Bc7 Rc8 40. Bxb6 e5
41. Bf5 Ra8 42. Ra1 Kf6 43. Bd3 c4 44. Bc2 Be8 45. Rd1 Ke6 46. f4 exf4+ 47.
Kxf4 Bh5 48. Re1+ Kd6 49. Bd4 Rf8+ 50. Kg3 Be8 51. Bd1 Bd7 52. Bg4 1-0

[Event "32 Indiv. Ch. Greece-Women U20"]
[Site "?"]
[Date "2009.01.06"]
[Round "5.4"]
[White "Aggeli, Eleni"]
[Black "Malikentzou, Nafsika"]
[Result "1/2-1/2"]
[WhiteElo "1875"]
[BlackElo "1570"]
[PlyCount "89"]
[EventDate "2009.01.02"]

1. e4 g6 2. d4 Bg7 3. g3 b6 4. Bg2 Bb7 5. Ne2 d6 6. O-O a6 7. Nbc3 Nd7 8. Be3
b5 9. a3 c5 10. f4 Qc7 11. Qd2 Ngf6 12. h3 h5 13. e5 Ng8 14. Nd5 Bxd5 15. Bxd5
Rc8 16. dxc5 dxe5 17. fxe5 e6 18. Bg2 Bxe5 19. c6 Nb6 20. Bd4 Nc4 21. Qc3 Bxd4+
22. Nxd4 e5 23. Ne2 Ne7 24. b3 Nb6 25. Rad1 O-O 26. Qe3 Nxc6 27. Rf6 Nd4 28.
Nxd4 exd4 29. Rxd4 Rfe8 30. Qf2 Re6 31. Rxe6 fxe6 32. Re4 Rf8 33. Qe3 Nd5 34.
Qe1 Qc5+ 35. Kh1 Nc7 36. Re2 Qxa3 37. Qc3 Qd6 38. Rd2 Qe7 39. Qd3 Qf7 40. Be4
Kg7 41. Kg2 Qf6 42. Qd4 Qxd4 43. Rxd4 Rf7 44. Rd6 Kf6 45. Rb6 1/2-1/2

[Event "32 Indiv. Ch. Greece-Women U20"]
[Site "?"]
[Date "2009.01.06"]
[Round "5.5"]
[White "Sotiriadou, Ioanna"]
[Black "Terzidaki, Alexandra"]
[Result "0-1"]
[WhiteElo "1518"]
[BlackElo "1820"]
[PlyCount "38"]
[EventDate "2009.01.02"]

1. e4 e6 2. d4 d5 3. exd5 exd5 4. Nf3 Bd6 5. Bd3 Nf6 6. O-O O-O 7. Bg5 Bg4 8.
Nbd2 Nbd7 9. Re1 c6 10. c3 Qc7 11. Qc2 Rfe8 12. h3 Bh5 13. Rxe8+ Rxe8 14. Re1
Qc8 15. Rxe8+ Qxe8 16. Nh4 Qe1+ 17. Nf1 Ne4 18. Nf5 Bd1 19. Bd2 Qxf2+ 0-1

[Event "32 Indiv. Ch. Greece-Women U20"]
[Site "?"]
[Date "2009.01.06"]
[Round "5.6"]
[White "Salahidou, Galini"]
[Black "Andrikopoulou, Efstathia"]
[Result "0-1"]
[WhiteElo "1472"]
[BlackElo "1651"]
[PlyCount "94"]
[EventDate "2009.01.02"]

1. e4 c5 2. Nf3 e6 3. d4 cxd4 4. Nxd4 Nf6 5. Nc3 Qb6 6. Na4 Qa5+ 7. Nc3 Nxe4 8.
Bd2 Nxd2 9. Qxd2 a6 10. Nb3 Qe5+ 11. Be2 Bb4 12. O-O-O Bxc3 13. bxc3 O-O 14. h4
Nc6 15. f4 Qc7 16. h5 d5 17. g4 a5 18. Rdf1 a4 19. Nd4 Na5 20. Qe1 Nc4 21. Qg3
Qc5 22. Bxc4 Qxc4 23. f5 exf5 24. gxf5 f6 25. h6 Rf7 26. Rfg1 Qc7 27. Qh3 Ra6
28. hxg7 Qf4+ 29. Kd1 h6 30. Ne6 Bxe6 31. fxe6 Rxg7 32. Rxg7+ Kxg7 33. Re1 Rb6
34. Qg2+ Kh8 35. Qd2 Qg4+ 36. Qe2 Rb1+ 37. Kd2 Qf4+ 38. Kd3 Qc4+ 39. Kd2 Rxe1
40. Kxe1 Qxe2+ 41. Kxe2 Kg7 42. Kf3 f5 43. Kf4 Kf6 44. e7 Kxe7 45. Kxf5 Kd6 46.
Kf4 Kc5 47. Ke3 Kc4 0-1

[Event "32 Indiv. Ch. Greece-Women U20"]
[Site "?"]
[Date "2009.01.07"]
[Round "6.1"]
[White "Papathanasiou, Elisavet"]
[Black "Pavlidou, Ekaterini"]
[Result "0-1"]
[WhiteElo "1584"]
[BlackElo "2150"]
[PlyCount "68"]
[EventDate "2009.01.02"]

1. d4 Nf6 2. c4 e6 3. Nf3 b6 4. g3 Ba6 5. Qc2 c5 6. Bg2 Nc6 7. dxc5 Bxc5 8. O-O
O-O 9. Bg5 h6 10. Bd2 Bb7 11. Nc3 d5 12. cxd5 Nb4 13. Qb3 Nbxd5 14. Rfd1 Qe7
15. Rac1 Rac8 16. Ne5 Rfd8 17. Na4 Bd6 18. Nc4 Ba6 19. Nxd6 Rxc1 20. Bxc1 Rxd6
21. e4 Nc7 22. Rxd6 Qxd6 23. Qc2 e5 24. Qd2 Qc6 25. Nc3 Nb5 26. Nd5 Nxd5 27.
exd5 Qd6 28. f4 Nd4 29. fxe5 Qc5 30. Kh1 Ne2 31. Qe3 Qxc1+ 32. Qxc1 Nxc1 33. d6
Kf8 34. Bc6 Nd3 0-1

[Event "32 Indiv. Ch. Greece-Women U20"]
[Site "?"]
[Date "2009.01.07"]
[Round "6.2"]
[White "Paganoglou, Anastasia"]
[Black "Ikonomopoulou, Maria"]
[Result "1-0"]
[WhiteElo "1934"]
[BlackElo "2052"]
[PlyCount "61"]
[EventDate "2009.01.02"]

1. e4 c5 2. Nf3 d6 3. d4 cxd4 4. Nxd4 Nf6 5. Nc3 g6 6. Bc4 Bg7 7. O-O O-O 8.
Bb3 Nc6 9. Re1 Bd7 10. Bg5 Rc8 11. Nxc6 Bxc6 12. Nd5 e6 13. Nb4 Qb6 14. Nxc6
Qxc6 15. Qd3 h6 16. Bd2 Nd7 17. c3 Kh7 18. Rad1 Nc5 19. Qe2 a5 20. Bc2 Na4 21.
Bxa4 Qxa4 22. Bf4 d5 23. Rd3 Qxe4 24. Qd2 Qc4 25. Bxh6 Bxh6 26. Rh3 Kg7 27.
Qxh6+ Kf6 28. b3 Qg4 29. Rh4 Rh8 30. Qxh8+ Rxh8 31. Rxg4 1-0

[Event "32 Indiv. Ch. Greece-Women U20"]
[Site "?"]
[Date "2009.01.07"]
[Round "6.3"]
[White "Terzidaki, Alexandra"]
[Black "Papathanasiou, Ageliki"]
[Result "1-0"]
[WhiteElo "1820"]
[BlackElo "1923"]
[PlyCount "83"]
[EventDate "2009.01.02"]

1. e4 c5 2. Nf3 e6 3. d4 cxd4 4. Nxd4 Nf6 5. Nc3 d6 6. Bg5 Be7 7. f4 h6 8. Bh4
a6 9. Qf3 Qc7 10. O-O-O Nc6 11. g4 b5 12. Bxf6 gxf6 13. Bg2 Nxd4 14. Rxd4 Bb7
15. Qe2 Rc8 16. Rhd1 Qa5 17. a3 Kf8 18. h4 d5 19. exd5 Bxa3 20. Nb1 Bc5 21.
R4d3 exd5 22. Bxd5 Bxd5 23. Rxd5 Qa4 24. Rd8+ Kg7 25. Rxc8 Rxc8 26. b3 Qxf4+
27. Nd2 Ba3+ 28. Kb1 Qc7 29. c4 Qa5 30. Qd3 Rd8 31. Qc2 bxc4 32. Nxc4 Rxd1+ 33.
Qxd1 Qc5 34. Nxa3 Qxa3 35. Qf3 Qb4 36. Kc2 Qc5+ 37. Kb2 Qe5+ 38. Ka3 a5 39. Ka4
Qc5 40. Qf4 Kh7 41. Qf5+ Qxf5 42. gxf5 1-0